| 000 | 01190nam a2200241Ii 4500 | ||
|---|---|---|---|
| 003 | JO-AjNU | ||
| 005 | 20240629113307.0 | ||
| 008 | 230605s9999||||xx |||||||||||||| ||und|| | ||
| 040 |
_aJO-AjNU _bara _erda _cJO-AjNU |
||
| 041 | _aara | ||
| 050 | 1 | 4 | _aK1241 2019 |
| 100 | 1 |
_aالعمايرة، وصفي احمد رشيد _eمعد _965789 |
|
| 245 | 0 |
_aالنطاق القانوني لعقد التامين الالزامي للمركبات( دراسة مقارنة) =( A comparative study) The legal scope of vehicles compulsory insurance contract / _cاعداد وصفي احمد رشيد العمايرة؛ اشراف منصر احمد القضاة |
|
| 264 | 3 | 1 | _a 2019 |
| 300 | _a155 ورقة | ||
| 336 |
_atext _btxt _2rdacontent |
||
| 337 |
_aunmediated _bn _2rdamedia |
||
| 338 |
_avolume _bnc _2rdacarrier |
||
| 500 | _aرساله جامعيه (ماجستير في القانون) - جامعة عجلون الوطنيه (عجلون ، الاردن) ، كلية القانون تخصص القانون، 2019 | ||
| 650 | 4 |
_aالتامين الاجباري - قوانين وتشريعات _958760 |
|
| 700 | 1 |
_aالقضاة، منتصر احمد _965269 _eمشرف |
|
| 942 |
_2lcc _cTHS |
||
| 999 |
_c29973 _d29973 |
||